Seconde Guerre Mondiale: la Shoah. - Statistiques

Statistiques générales
  • Ce quiz a été pris 208 fois
  • Le résultat moyen est 12 sur 15
Statistiques - réponses
Question Réponse % Correct
A la santé de la population. Les maladies telles que le Typhus se répandent très rapidement.
93%
Quel camp d'extermination de Pologne, tristement célèbre pour sa quantité de victimes, a été libéré le 27 Janvier 1945? Auschwitz - Birkenau.
92%
Sur quelle partie du corps un Numéro Matricule est - il tatoué, déshumanisant ainsi les individus porteurs de ce tatouage? L' Avant - Bras.
92%
Qu'est - ce qu'un Ghetto? Un Quartier fermé destiné à isoler une communauté.
92%
Lors de leur arrivée au sein du camp, que subissent les hommes, femmes et enfants? Un tri.
92%
Au sein de quelle pièce sont immédiatement envoyés les "inaptes au travail"? Une Chambre à gaz.
88%
A la quantité de nourriture. 2/3. La famine se répand au sein du Ghetto.
86%
Quelle nouvelle catégorie de camps l' Allemagne Nazie installera - t ' elle dans les régions les plus éloignées de l' Ouest de l' Europe? Des centres de mise à mort / des Camps d' Extermination.
81%
Quel insecticide puissant fut utilisé par les S.S afin de prolonger les atroces souffrances des prisonniers au sein de ces Chambres? Le Zyklon B.
76%
Pour les trois questions suivantes, veuillez sélectionner la proposition correspondant aux conditions de vie au sein des Ghettos par rapport : aux libertés. 1/3. La population entière n'est pas autorisée à sortir.
73%
Au total, combien de victimes l' Holocauste a - t ' il provoqué? 5 à 6 Millions.
72%
A combien d'heures s'élève une journée moyenne de travail au sein d'un Camp d' Extermination? 12 à 15 Heures.
69%
Quel a été le nom donné à la Division Allemande responsable de massacres de grande échelle au sein de l'U.R.S.S à partir de 1941, sans réaliser de distinction entre les Hommes, les Femmes et les Enfants? Les Einsatzgruppen.
67%
En quelle année la "Solution Finale face au problème Juif" a - t ' elle été mise en place, des suites de la conférence de Wansee? 1942.
65%
Quelle catégorie de prisonniers, surnommés les "Kapos", furent utilisés par les S.S afin d'établir l'ordre au sein du camp? Les Voleurs et Criminels.
43%
Aucun quiz correspondant
Distribution des résultats
% des personnes avec chaque résultat
Percentile par nombre de réponses
Votre historique - résultats
Vous n’avez pas pris ce quiz